| 000 | 00370 a2200157 4500 | ||
|---|---|---|---|
| 001 | 51448 | ||
| 020 | _a | ||
| 040 | _cAnchieta - Pituba | ||
| 100 | _aEdilma Costa e Isac Lago | ||
| 240 | 1 | 0 |
_a2ª Filosofia,I unidade _lpor |
| 245 | 1 | 0 | _a2ª Filosofia,I unidade |
| 300 | _a6 | ||
| 362 | 0 | _a2015 | |
| 650 | 4 | _aEducação, pesquisa e tópicos relacionados | |
| 942 | _cBK | ||
| 999 |
_c51448 _d51448 |
||